| 000 | 00813cam a22002775a 4500 | ||
|---|---|---|---|
| 001 | 3504068 | ||
| 005 | 20240818093029.0 | ||
| 008 | 950111t1995 nyua fr 001 0 eng d | ||
| 020 | _a0387944516 | ||
| 020 | _a9780387944517 | ||
| 040 |
_aDLC _cDLC _dDLC _dEG-ScBUE _beng |
||
| 082 | 0 | 4 |
_a512.5 _222 _bJAC |
| 100 | 1 | _aJacob, Bill. | |
| 245 | 1 | 0 |
_aLinear functions and matrix theory / _cBill Jacob. |
| 260 |
_aNew York : _bSpringer-Verlag, _cc.1995. |
||
| 300 |
_ax, 330 p. : _bill. ; _c24 cm. |
||
| 500 | _aIncludes index. | ||
| 650 | 7 |
_aAlgebras, Linear. _2BUEsh _93439 |
|
| 650 | 7 |
_aMatrices. _2BUEsh _97107 |
|
| 651 | _2BUEsh | ||
| 653 |
_bGGEN _cDecember2017 |
||
| 942 |
_2ddc _hRDA-MOD |
||
| 999 |
_c25810 _d25782 |
||
| 336 |
_2rdacontent _atext _btxt |
||
| 337 |
_aunmediated _2rdamedia _bn |
||
| 338 |
_avolume _bnc _2rdacarrier |
||